000 01365nam a2200337Ia 4500
001 ebr10726716
003 CaPaEBR
006 m o u
007 cr cn|||||||||
008 130204s2013 njua sb 001 0 eng d
010 _z 2013000459
020 _z9781118543177 (pbk. : alk. paper)
020 _z9781118645109 (ebook)
040 _aCaPaEBR
_cCaPaEBR
035 _a(OCoLC)826899667
050 1 4 _aBF723.G75
_bS7394 2013eb
082 0 4 _a362.74
_223
100 1 _aSteele, William.
245 1 0 _aWorking with grieving and traumatized children and adolescents
_h[electronic resource] :
_bdiscovering what matters most through evidence-based, sensory interventions /
_cWilliam Steele, Caelan Kuban.
260 _aHoboken, NJ :
_bWiley,
_cc2013.
300 _axix, 251 p. :
_bill.
504 _aIncludes bibliographical references and index.
533 _aElectronic reproduction.
_bPalo Alto, Calif. :
_cebrary,
_d2013.
_nAvailable via World Wide Web.
_nAccess may be limited to ebrary affiliated libraries.
650 0 _aBereavement in children.
650 0 _aGrief in children.
650 0 _aLoss (Psychology)
655 7 _aElectronic books.
_2local
700 1 _aKuban, Caelan.
710 2 _aebrary, Inc.
856 4 0 _uhttp://site.ebrary.com/lib/rucke/Doc?id=10726716
_zAn electronic book accessible through the World Wide Web; click to view
999 _c38465
_d38465